5HLuxD.jpg

KING HENRY VIII SENIOR AND PRIMARY SCHOOL LIBRARY OPAC

Temple boys / (Record no. 3620)

000 -LEADER
fixed length control field 01142cam a2200289 a 4500
001 - CONTROL NUMBER
control field 000852186
003 - CONTROL NUMBER IDENTIFIER
control field OSt
005 - DATE AND TIME OF LATEST TRANSACTION
control field 20240313095113.0
008 - FIXED-LENGTH DATA ELEMENTS--GENERAL INFORMATION
fixed length control field 181026s2014 enk j g 000 f eng d
020 ## - INTERNATIONAL STANDARD BOOK NUMBER
International Standard Book Number 9781405268004
Qualifying information (pbk.) :
040 ## - CATALOGING SOURCE
Original cataloging agency UKMGB
Language of cataloging eng
Transcribing agency NTL
Modifying agency NTL
-- KH8
Description conventions aacr2
042 ## - AUTHENTICATION CODE
Authentication code nbic
043 ## - GEOGRAPHIC AREA CODE
Geographic area code e------
-- aw-----
-- ff-----
082 0# - DEWEY DECIMAL CLASSIFICATION NUMBER
Classification number 823.92 BUX
100 1# - MAIN ENTRY--PERSONAL NAME
Personal name Buxton, J. P.
Fuller form of name (Jamie P.)
Relator term author.
245 10 - TITLE STATEMENT
Title Temple boys /
Statement of responsibility, etc. Jamie Buxton.
260 ## - PUBLICATION, DISTRIBUTION, ETC.
Place of publication, distribution, etc. London :
Name of publisher, distributor, etc. Egmont,
Date of publication, distribution, etc. c2014.
300 ## - PHYSICAL DESCRIPTION
Extent 325 pages ;
Dimensions 20 cm.
336 ## - CONTENT TYPE
Content type term text
Content type code txt
Source rdacontent.
337 ## - MEDIA TYPE
Media type term unmediated
Media type code n
Source rdamedia.
338 ## - CARRIER TYPE
Carrier type term volume
Carrier type code nc
Source rdacarrier.
520 ## - SUMMARY, ETC.
Summary, etc. Flea is the smallest, mouthiest member of the Temple Boys - a street gang who fight daily to survive in a place where nobody cares a jot for them, especially not the Romans who are in charge of the place. When the Magician comes to town, Flea and the gang reckon they can get the better of him, no problem. All is not as it seems.
650 #0 - SUBJECT ADDED ENTRY--TOPICAL TERM
Topical term or geographic name entry element Street children
Form subdivision Juvenile fiction.
650 #0 - SUBJECT ADDED ENTRY--TOPICAL TERM
Topical term or geographic name entry element Gangs
Form subdivision Juvenile fiction.
650 #0 - SUBJECT ADDED ENTRY--TOPICAL TERM
Topical term or geographic name entry element Bildungsromans.
942 ## - ADDED ENTRY ELEMENTS (KOHA)
Source of classification or shelving scheme
Koha item type Books - Fiction
Holdings
Withdrawn status Lost status Source of classification or shelving scheme Damaged status Not for loan Collection code Permanent Location Current Location Shelving location Date acquired Total Checkouts Full call number Barcode Date last seen Date last checked out Price effective from Koha item type
          Fiction KH8 Primary School Library KH8 Primary School Library Non Fiction 2024-03-13 1 823.92 BUX KHPL000004503 2025-12-05 2025-04-15 2024-03-13 Books - Fiction

Powered By KH8 IT Dept